Statistics for Iconic Footballers

Click here to take the quiz!

General Stats

  • This quiz has been taken 24 times
  • The average score is 20 of 24

Answer Stats

Hint Answer % Correct
Signed for his only European Club on a paper napkin/servietteLionel Messi
100%
Uses his head expertly, to mastermind 3 Champions Leagues in a row as manager and to get himself sent off in a World Cup finalZinedine Zidane
100%
The Egyptian KingMohamed Salah
100%
The manager that turned Manchester United into the most famous club in the world for decadesAlex Ferguson
100%
Scored the "Goal of the Century" and the "Hand of God" in the same gameDiego Maradona
100%
Helped his club win the Champions League and led his nation to a World Cup final in 2018Luka Modric
100%
Arguably football's best ever manager, having broken records at Barca, Bayern and Man City so far...Pep Guardiola
94%
Somehow universally loved and universally hated, depending on who you ask ;)Cristiano Ronaldo
94%
England's biggest celebrity footballer ever, now starting a MLS club in MiamiDavid Beckham
94%
"Once a Blue, always a Blue" in Liverpool yet famous for being a "Red" in ManchesterWayne Rooney
94%
Known for his deadly strikes and bitesLuis Suarez
94%
England's latest superstar striker, who won the Golden Boot at the Russian World CupHarry Kane
94%
The pride of the South Korean national team, also known for his creative handshakesSon Heung-Min
88%
The face of Total Football and has a popular feint skill move named after himJohan Cruyff
88%
Saw his dad cry when Brazil didn't win a World Cup, so he went and brought him 3Pele
88%
The 'Special One'Jose Mourinho
88%
The villain of football, unless he's on your team, won everything at international and club level with Spain and Real MadridSergio Ramos
82%
Hold the back page, hold the front page, a Leicester player has smashed the record!Jamie Vardy
76%
Rapidly becoming the face of the diving antics in the sportNeymar
71%
Turned football into art with the ease of his skillful dribbling, made some of the best defenders look hopeless against himRonaldinho
71%
The Emperor of Rome, debut at 16, captain at 22, retired at 40, definition of loyaltyFrancesco Totti
65%
Don't leave him alone with your wife or girlfriend, no matter how long you've played with himJohn Terry
59%
The defensive midfielder that won the PFA Player's Player of the Year Award, then a new manager came in and played him out of positionN'Golo Kante
47%
Is he more known for his memorable volleys or his memorable quotes?Zlatan Ibrahimovic
41%

Score Distribution

Percentile by Number Answered

Percent of People with Each Score

Your Score History

You have not taken this quiz